Представление документа в формате RUSMARC

ПолеНазваниеЗначение
  Тип записи a
  Библиографический уровень m
001 Контрольный номер RU/IS/BASE/469816159
005 Дата корректировки 20240209174534.9
010 Индекс ISBN __
d Цена 3 р. 00 к.
9 Тираж экз.
100 Данные общей обработки __
a Данные общей обработки 20141120d2014 ||| 0rusy0189 ca
101 Язык документа 0_
a Язык текста rus
102 Страна публикации __
a Страна публикации RU
105 Кодированные данные (монография) __
a Кодированные данные (монография) y###||||000|y
200 Заглавие и сведения об ответственности 1_
a Заглавие Карамзинский сборник
b Общее обозначение материала Текст
e Сведения, относящиеся к заглавию Национальные традиции и европеизм в русской культуре
210 Выходные данные 1_
a Место издания Ульяновск
c Издательство УлГПУ
d Дата издания 1999
215 Физическое описание __
a Объем 182 с.
d Формат см.
300 Общие примечания __
a Общие примечания Ограничения по возрасту - 16+
300 Общие примечания __
a Общие примечания Краеведческий фонд МБУК ЦБС
300 Общие примечания __
a Общие примечания Под инв. номером 90007: Ц-2
600 Персоналии _0
a Персоналии (Фамилия) Карамзин
b Персоналии (Имя, инициалы) Н. М.
606 Тематические рубрики 0_
a Основная рубрика Русская литература, 18-19 вв. - Сборники
610 Ключевые слова 0_
a Ключевые слова литература русская
a Ключевые слова сборники
a Ключевые слова краеведение
a Ключевые слова история
a Ключевые слова взаимосвязи литературные
a Ключевые слова культура
686 Индексы других классификаций __
a Классификационный индекс 83.3(2Рос=Рус)1
2 Код системы ББК
801 Источник записи _0
a Страна RU
b Организация МБУК ЦБС г. Ульяновска
c Дата составления 20141120
g Правила каталогизации RCR
801 Источник записи _1
a Страна RU
b Организация МБУК ЦБС г. Ульяновска
c Дата составления 20141120
g Правила каталогизации RCR
899 Данные о местонахождении __
i Авторский знак К 21
j Расстановочный фильтр 83.3(2Рос=Рус)1
901 Тип документа __
t Тип документа m
910 Корректоры записи __
a Корректор записи Тихонова